Estatísticas para Capitais do Mundo em um Mapa

Clique aqui para jogar o quiz

Estatísticas Gerais

  • Esse quiz foi jogado 726 vezes
  • A pontuação média é 89 de 196

Respostas no mapa

Respostas codificadas por cores de uma escala verde-vermelha no mapa do quiz de acordo com a % correta abaixo.
 

Estatísticas das Respostas

CountryCapital% Correto
BrasilBrasília
93%
MexicoCidade do Mexico
90%
ArgentinaBuenos Aires
89%
Estados UnidosWashington D.C.
88%
CanadaOttawa
86%
ChileSantiago
86%
UruguaiMontevidéu
85%
PeruLima
84%
FrançaParis
84%
VenezuelaCaracas
82%
PortugalLisboa
82%
Reino UnidoLondres
82%
EspanhaMadri
82%
RussiaMoscou
82%
ParaguaiAssunçao
81%
ColombiaBogotá
80%
EquadorQuito
80%
CubaHavana
79%
AlemanhaBerlim
78%
UcraniaKiev
77%
BelgicaBruxelas
76%
PanamaCidade do Panamá
76%
NoruegaOslo
76%
JapãoToquio
76%
IrlandaDublim
75%
ItaliaRoma
75%
VaticanoVaticano
75%
EgitoCairo
73%
BoliviaLa Paz or Sucre
73%
ChinaPequim
73%
GreciaAtenas
72%
AustráliaCamberra
71%
Coreia do SulSeul
71%
SueciaEstocolmo
70%
GuianaGeorgetown
70%
MonacoMonaco
70%
PoloniaVarsóvia
70%
IndiaNova Deli
69%
ÁustriaViena
69%
Países BaixosAmsterdam
67%
DinamarcaCopenhague
67%
LuxemburgoLuxemburgo
67%
AndorraAndorra a velha
66%
Africa Do SulPretoria, Cidade do Cabo,
or Bloemfontein
66%
SuiçaBerna
65%
HungriaBudapeste
65%
Republica TchecaPraga
65%
San MarinoSan Marino
65%
TurquiaAncara
64%
RomeniaBucareste
64%
FinlandiaHelsinki
64%
BulgariaSofia
63%
GuatemalaCidade da Guatemala
62%
IsraelJerusalem
62%
JamaicaKingston
62%
Saint Vicente e GranadinasKingstown
62%
AngolaLuanda
62%
SurinameParamaribo
62%
Coreia do NortePyongyang
62%
BelarusMinsk
60%
Nova ZelândiaWellington
59%
El SalvadorSan Salvador
57%
AlbaniaTirana
57%
Costa RicaSan José
56%
ServiaBelgrado
55%
HaitiPorto Princípe
54%
LetoniaRiga
54%
ArgeliaArgel
53%
CatarDoha
53%
IndonesiaJakarta
53%
BahamasNassau
53%
IslandiaReykjavík
53%
Republica DominicanaSanto Domingo
53%
BangladeshDaca
52%
NicaraguaManagua
52%
Bosnia e HerzegovinaSarajevo
52%
SingapuraSingapura
52%
IrãTeerã
52%
CroatiaZagrebe
52%
Cabo verdePraia
51%
Arabia SauditaRiade
51%
EstoniaTalin
51%
MaltaValeta
51%
Emirados Arabes UnidosAbu Dhabi
50%
EslovaquiaBratislava
50%
SíriaDamasco
49%
TunisiaTunis
49%
LiechtensteinVaduz
49%
HondurasTegucigalpa
48%
TailandiaBangkok
47%
FilipinasManila
47%
MalasiaKuala Lumpur
46%
IraqueBagdá
45%
Macedonia do NorteEscópia
45%
Trindade e TobagoPort-of-Spain
45%
KosovoPristina
45%
LituaniaVilnius
45%
LibanpBeirute
43%
AfeganistãoCabul
43%
MoçambiqueMaputo
43%
QueniaNairobi
43%
AzerbaijãoBaku
42%
KuwaitCidade do Kuwait
42%
EsloveniaLiubliana
42%
LibiaTripoli
42%
VietnamHanoi
41%
EtiopiaAdis Abeba
39%
BelizeBelmopan
39%
MoldáviaChișinău
39%
SenegalDacar
39%
ChipreNicosia
39%
DjiboutiDjibuti
38%
MarrocosRabate
38%
TaiwanTaipei
37%
JordaniaAmã
36%
PaquistaoIslamabade
36%
MontenegroPodgorica
36%
NigeriaAbuja
35%
GanaAccra
35%
NepalKatmandu
35%
BarbadosBridgetown
34%
CazaquistãoAstana
33%
Saint Cristovão e NevisBasseterre
33%
Santa LuciaCastries
33%
São Tomé e PríncipeSão Tomé
33%
Sudão do SulJuba
32%
MongoliaUlaanbaatar
32%
MaldivasMalé
31%
OmãMascate
31%
SeychellesVitoria
31%
MadagascarAntananarivo
30%
BareinManama
30%
EritreiaAsmara
29%
Timor LesteDili
29%
Republica Democrática do CongoKinshasa
29%
TogoLomé
29%
Guinea BissauBissau
28%
Republic do CongoBrazavile
28%
SudãoCartum
28%
Sri LankaColombo
28%
DominicaRoseau
28%
Serra leoaFreetown
27%
FijiSuva
27%
CamarõesYaoundé
27%
SomaliaMogadíscio
26%
MauricioPorto Luís
26%
IemenSana'a
26%
Antigua e BarbudaSão João
26%
LaosVientiane
26%
GabãoLibreville
25%
VanuatuPorto Vila
25%
NamibiaWindhoek
25%
UgandaKampala
24%
BenimPorto-Novo or Cotonou
24%
TanzaniaDodoma
23%
BotsuanaGaborone
23%
ZimbabueHarare
23%
Guinea EquatorialMalabo
23%
ArmêniaYerevan
23%
ZambiaLusaka
22%
ChadeN'Djamena
22%
Papua Nova GuinePorto Moresby
22%
UzbequistãoTashkent or Tasquente
22%
SamoaApia
21%
LiberiaMonróvia
21%
RuandaQuigali
21%
GeorgiaTibilisi
21%
GambiaBanjul
20%
QuirguistãoBisqueque
20%
GuineaConacri
20%
BurundiGitega
20%
NigerNiamei
20%
MaliBamako
19%
Republica Centro AfricanaBangui
19%
LesotoMaseru
19%
CambojaPhnom Penh
19%
ComoresMoroni
18%
Ilhas MarshallMajuro
17%
EssuatiniMbabane
17%
Estados Federados da MicronesiaPalikir
17%
KiribatiTarawa do Sul
17%
TuvaluFunafuti
16%
Ilhas SalomãoHoniara
16%
BruneiBandar Seri Begauã
15%
MalawiLilongue
15%
GranadaSão George
15%
PalauNgerulmud
13%
ButãoTimpu
12%
TurcomenistãoAshgabat
11%
NauruIarém
11%
MyanmarNaipidau
11%
Burkina FasoUagadugu
11%
TajiquistãoDuxambé
10%
TongaNucualofa
9%
Costa do MarfimYamussucro
9%
MauritaniaNuaquechote
7%

Distribuição das Pontuações

Percentil de Números Respondidos

Porcentagem de Pessoas com Cada Pontuação

Sua Pontuação Histórica

Você não jogou esse quiz